00652nam a2200241 a 4500001001300000003000900013005001700022008004100039020000800080082001600088100001900104245002000123260003600143300000900179500003500188505001000223650001500233700001900248902000800267942000700275952011300282999001500395nice12345678IN_TiNIC20260116012605.0050524s1963 alla grp 000 0 urd  ac500a891.44bIQB aIqbal, Muzafar aTanqidi Mazamin aAllahabadbRam Narain Lalc1963 a212p aincludes index and biblioraphy2 aIndex aUrdu-Prose1 aIqbal, Muzafar bSRS cBK 001040708StackRoom-aHMIbHMId2007-06-01g5.00l0o891.44 IQBp011402r2007-06-01v5.00w2005-05-24yBK c7575d7575